[Event "POL-chT3 Liga Slaska"]
[Site "Poland"]
[Date "2007.01.28"]
[Round "1"]
[White "Bloch, Pawel"]
[Black "Koszyk, Mariusz"]
[Result "1-0"]
[WhiteElo "2095"]
[BlackElo "1919"]
[PlyCount "78"]
[EventDate "2007.01.28"]
[EventType "team-swiss"]
[EventRounds "9"]
[EventCountry "POL"]
[SourceTitle "EXT 2011"]
[Source "ChessBase"]
[SourceDate "2010.11.26"]
[SourceVersion "1"]
[SourceVersionDate "2010.11.26"]
[SourceQuality "1"]
[WhiteTeam "Katowice Hetman Szopienice III"]
[BlackTeam "Ruda Slaska KS DORS"]
[WhiteTeamCountry "POL"]
[BlackTeamCountry "POL"]

1. Nf3 g6 2. c4 Bg7 3. Nc3 c5 4. d4 cxd4 5. Nxd4 Nc6 6. Nc2 Nf6 7. g3 d6 8. Bg2 Be6 9. b3 Qd7 10. Bb2 Bh3 11. Bxh3 Qxh3 12. Nd5 Qg2 13. Rf1 0-0-0 14. Nxf6 Bxf6 15. Bxf6 exf6 16. Ne3 Qe4 17. Nd5 Qe6 18. Qd2 Rhe8 19. e3 Qe5 20. Rd1 f5 21. f3 Ne7 22. Nc3 a6 23. Kf2 Rd7 24. Na4 Kc7 25. b4 Red8 26. b5 b6 27. f4 Qe4 28. bxa6 Ra8 29. Rc1 Rxa6 30. Nc3 Qa8 31. Nb5+ Kd8 32. a3 d5 33. Qb2 Ng8 34. Rfd1 f6 35. cxd5 Ra5 36. Qb4 Ne7 37. Rc7 Rxc7 38. Nxc7 Rxa3 39. Qd6+ Kc8 1-0

[Event "POL-chT 58th 2nd League"]
[Site "Wisla"]
[Date "2002.??.??"]
[Round "?"]
[White "Banasik, Krzysztof"]
[Black "Bloch, Pawel"]
[Result "1-0"]
[WhiteElo "2085"]
[BlackElo "2069"]
[PlyCount "40"]
[EventDate "2002.08.30"]
[EventType "team-swiss"]
[EventRounds "11"]
[EventCountry "POL"]
[SourceTitle "EXT 2019"]
[Source "ChessBase"]
[SourceDate "2018.10.10"]
[SourceVersion "1"]
[SourceVersionDate "2018.10.10"]
[SourceQuality "1"]

1. e4 e5 2. Nf3 Nc6 3. Bc4 Bc5 4. 0-0 Nf6 5. d3 d6 6. c3 Bg4 7. Qb3 Qd7 8. Nbd2 Na5 9. Bxf7+ Ke7 10. Qc2 Kxf7 11. b4 Bxb4 12. cxb4 Nc6 13. Bb2 Rhe8 14. Rac1 Rac8 15. a3 Kg8 16. h3 Bh5 17. Nh2 d5 18. Nb3 Qd6 19. Rfe1 d4 20. Nf1 Nd7 1-0

[Event "POL-chT 58th 2nd League"]
[Site "Wisla"]
[Date "2002.??.??"]
[Round "?"]
[White "Bloch, Pawel"]
[Black "Bobrowski, Piotr"]
[Result "1-0"]
[WhiteElo "2069"]
[BlackElo "2042"]
[PlyCount "40"]
[EventDate "2002.08.30"]
[EventType "team-swiss"]
[EventRounds "11"]
[EventCountry "POL"]
[SourceTitle "EXT 2019"]
[Source "ChessBase"]
[SourceDate "2018.10.10"]
[SourceVersion "1"]
[SourceVersionDate "2018.10.10"]
[SourceQuality "1"]

1. d4 g6 2. c4 Bg7 3. e4 d6 4. Nc3 Nf6 5. f3 0-0 6. Be3 Na6 7. Bd3 e5 8. Nge2 exd4 9. Bxd4 Nb4 10. 0-0 Nd7 11. Bxg7 Kxg7 12. f4 Nc5 13. Bb1 f5 14. a3 Nc6 15. b4 Nxe4 16. Nxe4 fxe4 17. Bxe4 Qd7 18. Ng3 h5 19. b5 Nd8 20. Qc2 h4 1-0

[Event "POL-chT 58th 2nd League"]
[Site "Wisla"]
[Date "2002.??.??"]
[Round "?"]
[White "Bloch, Pawel"]
[Black "Vine, Elzbieta"]
[Result "0-1"]
[WhiteElo "2069"]
[BlackElo "2085"]
[PlyCount "40"]
[EventDate "2002.08.30"]
[EventType "team-swiss"]
[EventRounds "11"]
[EventCountry "POL"]
[SourceTitle "EXT 2019"]
[Source "ChessBase"]
[SourceDate "2018.10.10"]
[SourceVersion "1"]
[SourceVersionDate "2018.10.10"]
[SourceQuality "1"]

1. d4 Nf6 2. c4 g6 3. Nc3 Bg7 4. e4 d6 5. f3 0-0 6. Be3 Nc6 7. Qd2 a6 8. Bd3 e5 9. Nge2 Ng4 10. Bg5 f6 11. d5 Nd4 12. h3 Nf2 13. Kxf2 fxg5 14. Ke1 c5 15. dxc6 bxc6 16. c5 dxc5 17. Na4 Qf6 18. Rf1 g4 19. hxg4 Qh4+ 20. Kd1 Bh6 0-1

[Event "POL-ch U18"]
[Site "Zakopane"]
[Date "2001.01.19"]
[Round "4"]
[White "Bloch, Pawel"]
[Black "Wojciechowski, Adam"]
[Result "0-1"]
[WhiteElo "2080"]
[BlackElo "2112"]
[PlyCount "88"]
[EventDate "2001.01.16"]
[EventType "swiss"]
[EventRounds "11"]
[EventCountry "POL"]
[SourceTitle "EXT 2002"]
[Source "ChessBase"]
[SourceDate "2001.11.25"]
[SourceVersion "1"]
[SourceVersionDate "2001.11.25"]
[SourceQuality "1"]

1. d4 Nc6 2. c4 e5 3. d5 Nce7 4. e4 Ng6 5. Nc3 Bb4 6. Nge2 Bxc3+ 7. Nxc3 d6 8. Bd3 N8e7 9. Be3 b6 10. h4 Nf8 11. g4 Nd7 12. f3 Ng6 13. Bg5 f6 14. Be3 h5 15. gxh5 Rxh5 16. f4 Rh8 17. Qg4 Ne7 18. f5 g6 19. fxg6 Nc5 20. Qe2 Nxd3+ 21. Qxd3 Nxg6 22. 0-0-0 Bg4 23. Rdf1 Qe7 24. Qc2 0-0-0 25. Qa4 Kb7 26. Rhg1 Bd7 27. Qc2 Nxh4 28. Qf2 Rdf8 29. Rh1 Ng6 30. Rxh8 Nxh8 31. Bg5 Ng6 32. Bxf6 Qf7 33. Kc2 Nf4 34. Bg5 Qh5 35. Bxf4 Rxf4 36. Qg1 Rg4 37. Qe3 Rg2+ 38. Rf2 Qh3 39. Qe1 Qg3 40. Nd1 Bg4 41. Kd2 Bxd1 42. Rxg2 Qxg2+ 43. Kxd1 Qxb2 44. Qe3 Qa1+ 0-1

[Event "POL-chT U19 2nd League"]
[Site "Krynica"]
[Date "2001.??.??"]
[Round "7"]
[White "Duda, Lukasz"]
[Black "Bloch, Pawel"]
[Result "1-0"]
[WhiteElo "2120"]
[BlackElo "2060"]
[PlyCount "41"]
[EventDate "2001.07.16"]
[EventType "team-swiss"]
[EventRounds "11"]
[EventCountry "POL"]
[SourceTitle "EXT 2003"]
[Source "ChessBase"]
[SourceDate "2002.11.25"]
[SourceVersion "1"]
[SourceVersionDate "2002.11.25"]
[SourceQuality "1"]
[WhiteTeam "Jaworzno JKSz MCKiS U19"]
[BlackTeam "Katowice Start U19"]
[WhiteTeamCountry "POL"]
[BlackTeamCountry "POL"]

1. e4 e5 2. Nf3 Nc6 3. Bb5 a6 4. Ba4 Nf6 5. d3 d6 6. h3 Be7 7. c3 0-0 8. 0-0 b5 9. Bc2 Bb7 10. Re1 Re8 11. Nbd2 Bf8 12. Nf1 d5 13. Ng3 dxe4 14. dxe4 Qxd1 15. Rxd1 h6 16. Be3 Rad8 17. Kf1 g6 18. Nd2 Rd7 19. Nb3 Red8 20. Nc5 Rxd1+ 21. Bxd1 1-0

[Event "POL-chT2 South U19"]
[Site "Rudnik"]
[Date "2000.??.??"]
[Round "9.2"]
[White "Bloch, Pawel"]
[Black "Marszalek, Maciej"]
[Result "0-1"]
[WhiteElo "2049"]
[BlackElo "2137"]
[PlyCount "62"]
[EventDate "2000.07.20"]
[EventType "team-swiss"]
[EventRounds "10"]
[EventCountry "POL"]
[SourceTitle "EXT 2005"]
[Source "ChessBase"]
[SourceDate "2004.11.15"]
[SourceVersion "1"]
[SourceVersionDate "2004.11.15"]
[SourceQuality "1"]
[WhiteTeam "Katowice Start U19"]
[BlackTeam "Czarna Czarnovia U19"]
[WhiteTeamCountry "POL"]
[BlackTeamCountry "POL"]

1. d4 Nf6 2. c4 g6 3. Nc3 Bg7 4. e4 d6 5. f3 Na6 6. Be3 0-0 7. Qd2 c5 8. d5 e6 9. Bd3 exd5 10. cxd5 Bd7 11. Nge2 Rb8 12. a4 Nb4 13. Bc4 a6 14. a5 b5 15. axb6 Rxb6 16. 0-0 Qe7 17. Na4 Bxa4 18. Rxa4 Nd7 19. Bg5 Qe8 20. Rfa1 Ne5 21. Bxa6 Nxa6 22. Rxa6 Rxb2 23. Qd1 Qb5 24. Nc1 h6 25. R6a5 Qd7 26. Ra7 Rb7 27. Rxb7 Qxb7 28. Bf4 Nxf3+ 29. gxf3 Bxa1 30. Nb3 Be5 31. Nxc5 Qb6 0-1